000 00297nam a2200145Ia 4500
100 _aSklar/Joel
942 _cBK
654 _aweb design
245 _aPrinciples of Web design
260 _bThomsan Learning
_c2000
082 _a4.65
_bSKL
300 _a288
546 _aENGLISH
999 _c33076
_d33076